Foundations of physical education (Record no. 394113)

MARC details
000 -LEADER
fixed length control field 00488 a2200193 4500
005 - DATE & TIME
control field 20260202162406.0
008 - FIXED-LENGTH DATA ELEMENTS--GENERAL INFORMATION
fixed length control field 260202b |||||||| |||| 00| 0 eng d
020 ## - ISBN
International Standard Book Number 9788119165285
Price Rs. 1200.00
040 ## - CATALOGING SOURCE
Original cataloging agency VIVEKANANDA LIBRARY
082 ## - DDC NUMBER
Classification number 796.07
Book Number K128F(4)
100 ## - MAIN ENTRY--PERSONAL NAME
Personal name Kamlesh, M L
245 ## - TITLE STATEMENT
Title Foundations of physical education
250 ## - EDITION STATEMENT
Edition statement 4th
260 ## - PUBLICATION, DISTRIBUTION, ETC. (IMPRINT)
Name of publisher, distributor, etc Sports Publication
Date of publication, distribution, etc 2024
Place of publication, distribution, etc New Delhi
300 ## - PHYSICAL DESCRIPTION
Pages x, 459
650 ## - Subject
Subject Physical Education
650 ## - Subject
Subject Sports
942 ## - ADDED ENTRY ELEMENTS (KOHA)
Koha item type Books
Holdings
Withdrawn status Lost status Source of classification or shelving scheme Damaged status Not for loan Location (home branch) Sublocation or collection (holding branch) Shelving location Date acquired Koha issues (times borrowed) Koha full call number Accession No. Koha date last seen Koha item type
    Dewey Decimal Classification     VIVEKANANDA LIBRARY VIVEKANANDA LIBRARY Vivekananda Library 05/01/2026   796.07 K128F(4) 444225 05/01/2026 Books
© Designed and Maintained by Vivekananda Library, MDU Rohtak